000 00791nam a22002537a 4500
003 dpl
005 20180818122907.0
008 180818b xxu||||| |||| 00| 0 eng d
010 _aB-087188
016 _aB-087188
020 _a8120326407
035 _aB-087188
040 _c0
082 _a658.4034
100 _aGupta.M.P
245 _aQuantitatine technoques for decision making /
_cby M.P.Gupta, R.B. Khanna
260 _aNew Delhi
_bPrentice-hall of india private limited
_c2004
300 _ax, 465p.
_c25 cm. (Hb)
500 _aIncludes bibliographical references and index
650 _aForced migration
_zIndia
650 _aRural poor
_xRehabilitation
_zIndia
700 _aKhanna.R.B.
942 _adpl
_cEN
_k658.4034 / GUP
_2ddc
_h658.4034
_mGUP
999 _c156010
_d156010